| 000 | 00466nam a2200181Ia 4500 | ||
|---|---|---|---|
| 001 | 1631 | ||
| 005 | 20260306143742.0 | ||
| 008 | 260306t2010||||xx |||||||||||||| ||spa|| | ||
| 041 | _aESP | ||
| 082 |
_a153.7 _bCH51 |
||
| 100 |
_aChabris, Christopher _eAUT |
||
| 245 | 4 |
_aThe invisible gorilla: _band other ways our intuitions deceive us |
|
| 260 | _c2010 | ||
| 300 |
_axiii, 306 páginas : _c20 cm. |
||
| 650 | _aGEN | ||
| 654 | _aCHU | ||
| 942 |
_cLIB _dJUS _fJUS _2ddc _n |
||
| 999 |
_c1631 _d1631 |
||